Statistiche per Riconosci la Squadra di calcio - Quiz n°18

Clicka qui per fare il quiz!

Statistiche generali

  • Questo quiz è stato fatto 10 volte
  • Il punteggio medio è 6 su 9

Statistiche sulle risposte

IndizioRisposta% Corretto
Trofei nazionali3 MLS Supporters' Shield
100%
Colori socialiRosso, bianco
89%
Titoli nazionali0
78%
Divisione nazionale 2023-2024Prima
78%
ConfederazioneCONCACAF
56%
Trofei internazionali0
44%
Fondazione1995
44%
Capienza Stadio25 000 posti
44%
SquadraNew York Red Bulls
33%

Distribuzione punteggi

Percentile per numero di risposta

Percentuale di utenti per punteggio

I tuoi punteggi nel tempo

Non hai fatto questo quiz